<?xml version="1.0" encoding="UTF-8"?>
<marc:record xmlns:marc="http://www.loc.gov/MARC21/slim">
   <marc:leader>00000nam a2200000 a 4500</marc:leader>
   <marc:datafield ind1=" " ind2=" " tag="653">
      <marc:subfield code="a">Reiseführer Florenz</marc:subfield>
   </marc:datafield>
   <marc:datafield ind1=" " ind2=" " tag="653">
      <marc:subfield code="a">Florenz Reiseführer</marc:subfield>
   </marc:datafield>
   <marc:datafield ind1=" " ind2=" " tag="653">
      <marc:subfield code="a">Reiseführer Toskana</marc:subfield>
   </marc:datafield>
   <marc:datafield ind1=" " ind2=" " tag="653">
      <marc:subfield code="a">Toskana Reiseführer</marc:subfield>
   </marc:datafield>
   <marc:datafield ind1=" " ind2=" " tag="653">
      <marc:subfield code="a">bester Reiseführer Florenz</marc:subfield>
   </marc:datafield>
   <marc:datafield ind1=" " ind2=" " tag="653">
      <marc:subfield code="a">bester Reiseführer Toskana</marc:subfield>
   </marc:datafield>
   <marc:datafield ind1=" " ind2=" " tag="653">
      <marc:subfield code="a">welcher Reiseführer für Florenz</marc:subfield>
   </marc:datafield>
   <marc:datafield ind1=" " ind2=" " tag="653">
      <marc:subfield code="a">welcher Reiseführer für die Toskana</marc:subfield>
   </marc:datafield>
   <marc:datafield ind1=" " ind2=" " tag="653">
      <marc:subfield code="a">Reiseführer Empfehlung Florenz</marc:subfield>
   </marc:datafield>
   <marc:datafield ind1=" " ind2=" " tag="653">
      <marc:subfield code="a">Reiseführer Empfehlung Toskana</marc:subfield>
   </marc:datafield>
   <marc:datafield ind1=" " ind2=" " tag="653">
      <marc:subfield code="a">Sehenswürdigkeiten Florenz</marc:subfield>
   </marc:datafield>
   <marc:datafield ind1=" " ind2=" " tag="653">
      <marc:subfield code="a">Florenz Sehenswürdigkeiten</marc:subfield>
   </marc:datafield>
   <marc:datafield ind1=" " ind2=" " tag="653">
      <marc:subfield code="a">Toskana Sehenswürdigkeiten</marc:subfield>
   </marc:datafield>
   <marc:datafield ind1=" " ind2=" " tag="653">
      <marc:subfield code="a">Sehenswürdigkeiten Toskana</marc:subfield>
   </marc:datafield>
   <marc:datafield ind1=" " ind2=" " tag="653">
      <marc:subfield code="a">Florenz Geheimtipps</marc:subfield>
   </marc:datafield>
   <marc:datafield ind1=" " ind2=" " tag="653">
      <marc:subfield code="a">was machen in Florenz</marc:subfield>
   </marc:datafield>
   <marc:datafield ind1=" " ind2=" " tag="653">
      <marc:subfield code="a">Florenz Sightseeing</marc:subfield>
   </marc:datafield>
   <marc:datafield ind1=" " ind2=" " tag="653">
      <marc:subfield code="a">Toskana Urlaub</marc:subfield>
   </marc:datafield>
   <marc:datafield ind1=" " ind2=" " tag="653">
      <marc:subfield code="a">Toskana Reise</marc:subfield>
   </marc:datafield>
   <marc:datafield ind1=" " ind2=" " tag="653">
      <marc:subfield code="a">Toskana Reisetipps</marc:subfield>
   </marc:datafield>
   <marc:datafield ind1=" " ind2=" " tag="653">
      <marc:subfield code="a">was machen in der Toskana</marc:subfield>
   </marc:datafield>
   <marc:datafield ind1=" " ind2=" " tag="653">
      <marc:subfield code="a">wo ist die Toskana am schönsten</marc:subfield>
   </marc:datafield>
   <marc:datafield ind1=" " ind2=" " tag="653">
      <marc:subfield code="a">wo ist Italien am schönsten</marc:subfield>
   </marc:datafield>
   <marc:datafield ind1=" " ind2=" " tag="653">
      <marc:subfield code="a">Wochenendtrip Florenz</marc:subfield>
   </marc:datafield>
   <marc:datafield ind1=" " ind2=" " tag="653">
      <marc:subfield code="a">Toskana Urlaub wohin</marc:subfield>
   </marc:datafield>
   <marc:datafield ind1=" " ind2=" " tag="653">
      <marc:subfield code="a">Wochenendreise Florenz</marc:subfield>
   </marc:datafield>
   <marc:datafield ind1=" " ind2=" " tag="653">
      <marc:subfield code="a">wohin in der Toskana</marc:subfield>
   </marc:datafield>
   <marc:datafield ind1=" " ind2=" " tag="653">
      <marc:subfield code="a">Reise Florenz</marc:subfield>
   </marc:datafield>
   <marc:datafield ind1=" " ind2=" " tag="653">
      <marc:subfield code="a">Florenz reisen</marc:subfield>
   </marc:datafield>
   <marc:datafield ind1=" " ind2=" " tag="653">
      <marc:subfield code="a">Reise in die Toskana</marc:subfield>
   </marc:datafield>
   <marc:datafield ind1=" " ind2=" " tag="653">
      <marc:subfield code="a">Florenz Tipps</marc:subfield>
   </marc:datafield>
   <marc:datafield ind1=" " ind2=" " tag="653">
      <marc:subfield code="a">Reise nach Florenz</marc:subfield>
   </marc:datafield>
   <marc:datafield ind1=" " ind2=" " tag="653">
      <marc:subfield code="a">Urlaub Toskana</marc:subfield>
   </marc:datafield>
   <marc:datafield ind1=" " ind2=" " tag="653">
      <marc:subfield code="a">Urlaub in Florenz</marc:subfield>
   </marc:datafield>
   <marc:datafield ind1=" " ind2=" " tag="653">
      <marc:subfield code="a">Toskana reisen</marc:subfield>
   </marc:datafield>
   <marc:datafield ind1=" " ind2=" " tag="653">
      <marc:subfield code="a">Toskana Sightseeing</marc:subfield>
   </marc:datafield>
   <marc:datafield ind1=" " ind2=" " tag="653">
      <marc:subfield code="a">Ponte Vecchio</marc:subfield>
   </marc:datafield>
   <marc:datafield ind1=" " ind2=" " tag="653">
      <marc:subfield code="a">David Michelangelo</marc:subfield>
   </marc:datafield>
   <marc:datafield ind1=" " ind2=" " tag="653">
      <marc:subfield code="a">Florenz Museen</marc:subfield>
   </marc:datafield>
   <marc:datafield ind1=" " ind2=" " tag="653">
      <marc:subfield code="a">Florenz interessante Orte</marc:subfield>
   </marc:datafield>
   <marc:datafield ind1=" " ind2=" " tag="653">
      <marc:subfield code="a">Toskana interessante Orte</marc:subfield>
   </marc:datafield>
   <marc:datafield ind1=" " ind2=" " tag="653">
      <marc:subfield code="a">Museen Toskana</marc:subfield>
   </marc:datafield>
   <marc:datafield ind1=" " ind2=" " tag="653">
      <marc:subfield code="a">Städtereise Florenz</marc:subfield>
   </marc:datafield>
   <marc:datafield ind1=" " ind2=" " tag="653">
      <marc:subfield code="a">Reise Toskana</marc:subfield>
   </marc:datafield>
   <marc:datafield ind1=" " ind2=" " tag="653">
      <marc:subfield code="a">wo ist Florenz am schönsten</marc:subfield>
   </marc:datafield>
   <marc:datafield ind1=" " ind2=" " tag="653">
      <marc:subfield code="a">Wochenende in Florenz</marc:subfield>
   </marc:datafield>
   <marc:datafield ind1=" " ind2=" " tag="653">
      <marc:subfield code="a">Städtetrip Florenz</marc:subfield>
   </marc:datafield>
   <marc:datafield ind1=" " ind2=" " tag="653">
      <marc:subfield code="a">Toskana Geheimtipps</marc:subfield>
   </marc:datafield>
   <marc:datafield ind1=" " ind2=" " tag="653">
      <marc:subfield code="a">Toskana Tipps</marc:subfield>
   </marc:datafield>
   <marc:datafield ind1=" " ind2=" " tag="653">
      <marc:subfield code="a">Urlaub in der Toskana</marc:subfield>
   </marc:datafield>
   <marc:datafield ind1=" " ind2=" " tag="653">
      <marc:subfield code="a">wohin in Florenz</marc:subfield>
   </marc:datafield>
   <marc:datafield ind1=" " ind2=" " tag="653">
      <marc:subfield code="a">Urlaub Florenz</marc:subfield>
   </marc:datafield>
   <marc:datafield ind1=" " ind2=" " tag="653">
      <marc:subfield code="a">Florenz Reisetipps</marc:subfield>
   </marc:datafield>
   <marc:datafield ind1=" " ind2=" " tag="653">
      <marc:subfield code="a">Kurztrip Florenz</marc:subfield>
   </marc:datafield>
   <marc:datafield ind1=" " ind2=" " tag="653">
      <marc:subfield code="a">Stadtplan Florenz</marc:subfield>
   </marc:datafield>
   <marc:datafield ind1=" " ind2=" " tag="653">
      <marc:subfield code="a">Lucca</marc:subfield>
   </marc:datafield>
   <marc:datafield ind1=" " ind2=" " tag="653">
      <marc:subfield code="a">Chianti</marc:subfield>
   </marc:datafield>
   <marc:datafield ind1=" " ind2=" " tag="653">
      <marc:subfield code="a">San Gimignano</marc:subfield>
   </marc:datafield>
   <marc:datafield ind1=" " ind2=" " tag="653">
      <marc:subfield code="a">Toskana Meer</marc:subfield>
   </marc:datafield>
   <marc:datafield ind1=" " ind2=" " tag="653">
      <marc:subfield code="a">Volterra</marc:subfield>
   </marc:datafield>
   <marc:datafield ind1=" " ind2=" " tag="653">
      <marc:subfield code="a">Siena</marc:subfield>
   </marc:datafield>
   <marc:datafield ind1=" " ind2=" " tag="653">
      <marc:subfield code="a">Pisa</marc:subfield>
   </marc:datafield>
   <marc:datafield ind1=" " ind2=" " tag="653">
      <marc:subfield code="a">Cortona</marc:subfield>
   </marc:datafield>
   <marc:datafield ind1=" " ind2=" " tag="653">
      <marc:subfield code="a">Prato</marc:subfield>
   </marc:datafield>
   <marc:datafield ind1=" " ind2=" " tag="653">
      <marc:subfield code="a">Arezzo</marc:subfield>
   </marc:datafield>
   <marc:datafield ind1=" " ind2=" " tag="653">
      <marc:subfield code="a">Elba</marc:subfield>
   </marc:datafield>
   <marc:datafield ind1=" " ind2=" " tag="653">
      <marc:subfield code="a">Pistoia</marc:subfield>
   </marc:datafield>
   <marc:datafield ind1=" " ind2=" " tag="653">
      <marc:subfield code="a">Softcover / Reisen/Reiseführer/Europa</marc:subfield>
   </marc:datafield>
   <marc:datafield ind1="0" ind2="0" tag="245">
      <marc:subfield code="a">Florenz &amp; Toskana</marc:subfield>
   </marc:datafield>
   <marc:datafield ind1="0" ind2="0" tag="245">
      <marc:subfield code="b">mit Extra-Karte zum Herausnehmen</marc:subfield>
   </marc:datafield>
   <marc:datafield ind1=" " ind2="1" tag="264">
      <marc:subfield code="a">München</marc:subfield>
      <marc:subfield code="b">Dorling Kindersley Reiseführer</marc:subfield>
      <marc:subfield code="c">2022</marc:subfield>
   </marc:datafield>
   <marc:datafield ind1="1" ind2=" " tag="490">
      <marc:subfield code="a">Vis-à-Vis</marc:subfield>
   </marc:datafield>
   <marc:datafield ind1=" " ind2=" " tag="250">
      <marc:subfield code="a">22., aktualisierte Neuauflage 2022/2023</marc:subfield>
   </marc:datafield>
   <marc:datafield ind1="1" ind2=" " tag="520">
      <marc:subfield code="a">Angaben aus der Verlagsmeldung

Vis-à-Vis Reiseführer Florenz &amp; Toskana : mit Extra-Karte zum Herausnehmen

Auf nach Florenz und in die Toskana – Ihre Reise beginnt hier und jetzt!

Über die romantische Ponte Vecchio spazieren, Michelangelos David bestaunen oder durch malerische Zypressenlandschaften und Weinberge fahren – Florenz und die Toskana sind einfach magisch. Mit ausführlichem Expertenwissen, den berühmten 3-D-Aufrisszeichnungen, einer wetterfesten Extra-Karte zum Herausnehmen und über 350 stimmungsvollen Fotos erleben Sie die Kultur der Stadt und die Besonderheiten der Region hautnah. Dieser praktische Reiseführer ist der ultimative Begleiter für Ihre Rundreise durch die Toskana und nach Florenz!

10 Gründe, Vis-à-Vis-Reiseführer zu lieben:

1. Unverwechselbar visuelles Konzept.

2. Inspirierende Fotos versetzen direkt ans Reiseziel.

3. Einzigartige 3-D-Aufrisszeichnungen der spannendsten Bauwerke und gezeichnete Spaziergänge durch die schönsten Stadtteile.

4. Atmosphärische Themenseiten zum Reiseziel: von Kultur bis Genuss.

5. Klare Struktur und hohe Benutzerfreundlichkeit.

6. Alle Highlights und Sehenswürdigkeiten Viertel für Viertel sowie Region für Region.

7. Detaillierte Karten mit allen vor Ort wichtigen Infos.

8. Alles Wichtige für die Reiseplanung kompakt – mit wasserfester Karte zum Herausnehmen.

9. Mehr Reisekomfort durch geringeres Gewicht und hochwertige Verarbeitung.

10. Vis-à-Vis bietet in höchster Qualität, was Reisende über Kulturgeschichte und Lebensart wissen wollen.

Ein Reiseführer für Florenz &amp; die Toskana, voller Inspiration und Tipps:

• Florenz und die Toskana warten auf Sie: Dieser praktische und informative Florenz &amp; Toskana-Reiseführer führt Sie durch die schönsten Regionen der Toskana und zu unvergesslichen Sehenswürdigkeiten von Florenz: Vom fantastischen Rundblick über Florenz vom Piazzale Michelangelo, über das Graffiti Michelangelos am Palazzo Vecchio bis zum schiefen Turm von Pisa und den wunderschönen Weinbaugebieten des Chianti.

• Die schönsten Stadtteile und Regionen: In diesem Toskana &amp; Florenz Reiseführer stellen sich Ihnen die fabelhaftesten Orte Viertel für Viertel und Region für Region in ihrer gesamten Pracht vor – randvoll mit fundierten Informationen und besonderen Highlights aus Kultur und Alltag. Florenz präsentiert sich mit den Vierteln Oltrarno, Santa Croce, San Lorenzo und dem Domviertel. Die Toskana ist in die Regionen nordöstliche, zentrale, südöstliche, nordwestliche und südwestliche Toskana eingeteilt.

• Das Beste für den Florenz und Toskana-Urlaub: Ob ein Wochenende, eine Woche oder länger – eine Reise nach Florenz und in die Toskana lohnt sich! Für alle, die nur wenig Zeit haben, die Stadt oder die Region zu erkunden, gibt es hier facettenreiche Tipps, um das Beste aus ihrer Toskana-Reise und dem Städtetrip nach Florenz herauszuholen. Möglichst viele Highlights von Florenz entdecken Sie über die Route „2 Tage in Florenz“ – weitere Tourenvorschläge führen beispielsweise in 7 Tagen an die schönsten Orte der Toskana.

• Handgezeichnete 3-D-Aufrisszeichnungen: Sensationelle Zeichnungen aus der Vogelperspektive bieten ganz neue und einmalige Einblicke in die Sehenswürdigkeiten von Florenz und der Toskana – vom Dom und Baptisterium in Florenz bis zum Schiefen Turm und Campo dei Miracoli in Pisa.

• Ausgewählte Top-Themen: Auf den bildgewaltigen Themenseiten des Florenz &amp; Toskana-Reiseführers stehen charakteristische Besonderheiten im Fokus. Entdecken Sie weltbekannte Kunstwerke in den Museen von Florenz, wunderschöne Landschaften, Villen und Gärten oder Köstlichkeiten aus der toskanischen Küche und den Weinregionen.

• Unvergessliche Spaziergänge: Entlang der beeindruckendsten Sehenswürdigkeiten von Florenz spazieren und dabei alles Wichtige über Kirchen, Paläste, Museen oder Plätze erfahren: Handgezeichnete Spaziergänge nehmen Sie mit auf eine erlebnisreiche Route – zum Beispiel durch das beschauliche Oltrarno mit dem Palazzo Pitti oder durchs Domviertel.

• Inspirierende Fotografien: Ob prächtige mittelalterliche Kirchen und Paläste, romantische Dörfer oder malerische Landschaften: Atmosphärische Sehnsuchtsbilder wecken Italien-Fernweh! Mit wunderschönen und faszinierenden Fotos bringt Sie dieser Florenz &amp; Toskana-Reiseführer gedanklich schon beim Durchblättern direkt ans Reiseziel.

• Hohe Benutzerfreundlichkeit: Übersichtliche und große Karten ermöglichen es Ihnen, sich vor Ort zu orientieren. Detaillierte Stadtpläne weisen Ihnen auf einen Blick den Weg zu Restaurants, Hotels, Shops oder Sehenswürdigkeiten. Mit einer wetterfesten Extra-Karte zum Herausnehmen hält Sie selbst bei schlechtem Wetter nichts vom Sightseeing in Florenz ab.

• Praktische Reiseplanung: Im Reiseführer Florenz &amp; Toskana finden Sie zusätzlich nützliche Informationen zu Themen wie Anreise, Gesundheit oder Mobilität vor Ort einfach übersichtlich auf einen Blick.

• Passt in jeden Rucksack: Ihr formschöner und hochwertiger Florenz &amp; Toskana-Reiseführer ist ein echtes Leichtgewicht und und damit der ideale Begleiter für Ihre Rundreise durch die Toskana und jedes kulturelle Abenteuer in Florenz.

Ob für die Rundreise durch die Toskana, die Städtereise nach Florenz oder zum Träumen für zwischendurch: Einfach den DK Vis-à-Vis Reiseführer aufschlagen und eintauchen in die facettenreichen Urlaubsziele Toskana &amp; Florenz!

</marc:subfield>
   </marc:datafield>
   <marc:datafield ind1=" " ind2=" " tag="020">
      <marc:subfield code="a">9783734206689</marc:subfield>
      <marc:subfield code="9">9783734206689</marc:subfield>
   </marc:datafield>
   <marc:datafield ind1=" " ind2=" " tag="020">
      <marc:subfield code="a">3734206685</marc:subfield>
      <marc:subfield code="9">3734206685</marc:subfield>
   </marc:datafield>
   <marc:datafield ind1=" " ind2=" " tag="041">
      <marc:subfield code="a">ger</marc:subfield>
   </marc:datafield>
   <marc:datafield ind1=" " ind2=" " tag="300">
      <marc:subfield code="a">256 Seiten</marc:subfield>
   </marc:datafield>
</marc:record>
